000 00504nam a2200193Ia 4500
003 GCL
008 140319s9999 xx 000 0 eng d
040 _aGCL /
_cGCL
082 0 4 _a340
_bP N
100 1 _aPRITCHARD, JOHN
245 1 0 _aTHE NEW PENGUIN GUIDE TO THE LAW /
_cPRITCHARD, JOHN
700 1 _aGARLICK, HELEN
260 _a[S.N] :
_bPENGUIN BOOKS ،
_c1993
300 _a1071 P
650 0 4 _aLAW
650 0 4 _aFAMILY - LAW
650 0 4 _aEMPLOYMENT - LAW AND LEGISLATION
942 _2ddc
_cBK
999 _c15917
_d15917